000
00301nam a2200121Ia 4500
008
220204s9999 xx 000 0 und d
082
_a
595.42
_b
ADV.1
245
0
_a
Advances in acarology. V 01.
260
_a
New York
_b
Comstock
_c
1963
650
_a
Acarology
700
_a
Naegele, John A
942
_c
BK
999
_c
19770
_d
19770